[Event "Istanbul Open 2019"]
[Site "Istanbul"]
[Date "2019.08.28"]
[Round "4.16"]
[White "Kamis, Enes Yusuf"]
[Black "Hakkaki Fard, Pedram"]
[Result "0-1"]
[WhiteElo "1644"]
[BlackElo "1720"]
[Annotator "NA"]
[PlyCount "76"]
[EventDate "2019.08.26"]
[EventType "swiss"]
[EventCountry "TUR"]
[SourceTitle "playchess.com"]
[Source "ChessBase"]
[SourceQuality "1"]
[TimeControl "5400+30"]

1. e4 e5 2. Nf3 Nf6 3. Nc3 Nc6 4. a3 a6 5. d4 exd4 6. Nxd4 Bc5 7. Be3 Nxd4 8. Bxd4 Qe7 9. Bc4 O-O 10. O-O Bxd4 11. Qxd4 d6 12. Rfe1 Ng4 13. f3 Ne5 14. Nd5 Qd8 15. Rad1 Be6 16. Be2 Bxd5 17. exd5 Re8 18. f4 Nd7 19. Bd3 Qf6 20. Qxf6 Nxf6 21. c4 Kf8 22. g3 h5 23. h3 Rab8 24. Kf2 Rxe1 25. Rxe1 b5 26. b4 a5 27. cxb5 axb4 28. axb4 Nxd5 29. Re4 Ra8 30. Rc4 Ra2+ 31. Kf3 Ra3 32. Rd4 Nxb4 33. Rxb4 Rxd3+ 34. Kf2 Ke7 35. b6 cxb6 36. Rxb6 h4 37. Rb7+ Ke6 38. g4 Rxh3 {[%emt 1:46:46]} 0-1

[Event "Istanbul Open 2019"]
[Site "Istanbul"]
[Date "2019.08.28"]
[Round "4.17"]
[White "Pektas, Gokdeniz"]
[Black "Gulcu, Hakan"]
[Result "1-0"]
[WhiteElo "1652"]
[BlackElo "1653"]
[Annotator "NA"]
[PlyCount "61"]
[EventDate "2019.08.26"]
[EventType "swiss"]
[EventCountry "TUR"]
[SourceTitle "playchess.com"]
[Source "ChessBase"]
[SourceQuality "1"]
[TimeControl "5400+30"]

1. d4 {[%emt 0:03:30]} Nf6 {[%emt 0:00:30]} 2. c4 {[%emt 0:01:30]} e6 {[%emt 0:00:00]} 3. Nc3 {[%emt 0:00:30]} d5 {[%emt 0:00:00]} 4. cxd5 {[%emt 0:01:30]} exd5 {[%emt 0:00:30]} 5. Bg5 {[%emt 0:00:00]} c6 {[%emt 0:00:30]} 6. Qc2 {[%emt 0:00:00]} Be6 {[%emt 0:03:30]} 7. e3 {[%emt 0:00:00]} Nbd7 {[%emt 0:00:30]} 8. Bd3 {[%emt 0:00:00]} Be7 {[%emt 0:00:00]} 9. h3 {[%emt 0:00:00]} O-O {[%emt 0:06:00]} 10. Nf3 {[%emt 0:00:00]} Re8 {[%emt 0:02:30]} 11. g4 {[%emt 0:00:30]} h6 {[%emt 0:16:30]} 12. Bf4 {[%emt 0:01:30]} a6 {[%emt 0:00:30]} 13. O-O-O {[%emt 0:00:30]} c5 {[%emt 0:03:30]} 14. Rdg1 {[%emt 0:00:30]} c4 {[%emt 0:00:30]} 15. Bf5 {[%emt 0:00:00]} Bxf5 {[%emt 0:10:30]} 16. Qxf5 {[%emt 0:01:00]} g6 {[%emt 0:00:30]} 17. Qc2 {[%emt 0:00:30]} Kg7 {[%emt 0:18:30]} 18. g5 {[%emt 0:00:30]} hxg5 {[%emt 0:00:30]} 19. Nxg5 {[%emt 0:00:30]} Nf8 {[%emt 0:02:30]} 20. h4 {[%emt 0:04:30]} Nh5 {[%emt 0:03:30]} 21. Be5+ {[%emt 0:00:00]} Bf6 {[%emt 0:01:30]} 22. Bxf6+ {[%emt 0:02:00]} Kxf6 {[%emt 0:00:30]} 23. Qd1 {[%emt 0:00:00]} Kg7 {[%emt 0:04:30]} 24. Qf3 {[%emt 0:01:00]} f6 {[%emt 0:00:30]} 25. Nh3 {[%emt 0:00:30]} Kh7 {[%emt 0:00:30]} 26. Nxd5 {[%emt 0:13:30]} Qd6 {[%emt 0:06:29]} 27. e4 {[%emt 0:08:30]} Kh6 {[%emt 0:06:06]} 28. Rg4 {[%emt 0:05:30]} Rad8 {[%emt 0:02:40]} 29. Rhg1 {[%emt 0:03:30]} f5 {[%emt 0:01:04]} 30. exf5 {[%emt 0:00:00]} Qxd5 {[%emt 0:00:18]} 31. Rxg6+ {[%emt 0:00:00]} 1-0

[Event "Istanbul Open 2019"]
[Site "Istanbul"]
[Date "2019.08.28"]
[Round "4.18"]
[White "Goekkaya, Murat Bora"]
[Black "Can, Ilhan"]
[Result "1/2-1/2"]
[WhiteElo "1594"]
[BlackElo "1683"]
[Annotator "NA RC"]
[PlyCount "121"]
[EventDate "2019.08.26"]
[EventType "swiss"]
[EventCountry "TUR"]
[SourceTitle "playchess.com"]
[Source "ChessBase"]
[SourceQuality "1"]
[TimeControl "5400+30"]

1. c4 e5 2. Nc3 Nf6 3. g3 Be7 4. Bg2 d6 5. Nf3 c6 6. O-O O-O 7. b3 Re8 8. Bb2 Bf8 9. d3 h6 10. Qd2 Nbd7 11. e4 Nc5 12. b4 Ncd7 13. Rfd1 Qc7 14. Rac1 Qb8 15. h3 a5 16. a3 g6 17. d4 axb4 18. axb4 Bg7 19. d5 c5 20. b5 Nb6 21. Qd3 Nh5 22. Nh4 Bd7 23. Rf1 Qc7 24. Rc2 Bf6 25. Ne2 Qd8 26. Nf3 Qe7 27. Nh2 Ra4 28. Ng4 Bg7 29. Ne3 Rea8 30. f4 Ra2 31. fxe5 Rxb2 32. Rxb2 Qxe5 33. Rd2 Nxg3 34. Nxg3 Qxg3 35. Qe2 Be5 36. Qf3 Qh2+ 37. Kf2 Bd4 38. Ke2 Rf8 39. Kd3 Bxe3 40. Qxe3 Kg7 41. Qf4 Qxf4 42. Rxf4 Ra8 43. Rc2 Be8 44. h4 Nd7 45. Kc3 Ra4 46. Bf1 Ne5 47. Rcf2 Bd7 48. Rf6 Bf5 49. Rxd6 Bxe4 50. Kb3 Rb4+ 51. Kc3 Rb1 52. Re2 f5 53. Rxe4 fxe4 54. Re6 Rxf1 55. Rxe5 Rf7 56. Rxe4 g5 57. h5 Rf3+ 58. Kd2 Rf6 59. Ke3 {[%emt 1:57:25]} Kf7 {[%emt 1:45:16]} 60. Re5 {[%emt 0:00:30]} g4 {[%emt 0:00:40]} 61. Re4 {[%emt 0:00:30]} 1/2-1/2

[Event "Istanbul Open 2019"]
[Site "Istanbul"]
[Date "2019.08.28"]
[Round "4.19"]
[White "Yalcinkaya, Efe"]
[Black "Demirel, Ali Yagmur"]
[Result "1-0"]
[WhiteElo "1542"]
[BlackElo "1714"]
[Annotator "NA"]
[PlyCount "81"]
[EventDate "2019.08.26"]
[EventType "swiss"]
[EventCountry "TUR"]
[SourceTitle "playchess.com"]
[Source "ChessBase"]
[SourceQuality "1"]
[TimeControl "5400+30"]

1. e4 {[%emt 0:00:30]} e6 {[%emt 0:00:30]} 2. d4 {[%emt 0:00:00]} d5 {[%emt 0:00:00]} 3. e5 {[%emt 0:00:00]} c5 {[%emt 0:00:00]} 4. c3 {[%emt 0:00:30]} Nc6 {[%emt 0:00:30]} 5. Nf3 {[%emt 0:00:30]} Bd7 {[%emt 0:00:00]} 6. a3 {[%emt 0:01:30]} f6 {[%emt 0:00:00]} 7. exf6 {[%emt 0:03:30]} Nxf6 {[%emt 0:00:30]} 8. Bd3 {[%emt 0:02:30]} Bd6 {[%emt 0:01:30]} 9. O-O {[%emt 0:02:30]} O-O {[%emt 0:00:30]} 10. Re1 {[%emt 0:02:30]} Qc7 {[%emt 0:01:30]} 11. Qe2 {[%emt 0:04:30]} Ng4 {[%emt 0:08:30]} 12. h3 {[%emt 0:11:30]} e5 {[%emt 0:01:30]} 13. dxc5 {[%emt 0:05:30]} Bxc5 {[%emt 0:01:30]} 14. hxg4 {[%emt 0:00:00]} Bxg4 {[%emt 0:00:30]} 15. Nbd2 {[%emt 0:03:00]} Rae8 {[%emt 0:00:30]} 16. Bc4 {[%emt 0:05:30]} Qf7 {[%emt 0:29:30]} 17. Ba2 {[%emt 0:11:30]} Rd8 {[%emt 0:01:30]} 18. b4 {[%emt 0:03:30]} Bd6 {[%emt 0:06:30]} 19. Ng5 {[%emt 0:09:30]} Qh5 {[%emt 0:01:30]} 20. Bxd5+ {[%emt 0:01:30]} Kh8 {[%emt 0:01:30]} 21. Ndf3 {[%emt 0:11:31]} e4 {[%emt 0:00:30]} 22. Qxe4 {[%emt 0:07:14]} Bxf3 {[%emt 0:04:30]} 23. Nxf3 {[%emt 0:00:30]} Rde8 {[%emt 0:02:30]} 24. Be6 {[%emt 0:01:19]} Re7 {[%emt 0:09:30]} 25. Qd5 {[%emt 0:02:47]} Bh2+ {[%emt 0:04:30]} 26. Kf1 {[%emt 0:01:35]} Be5 {[%emt 0:02:30]} 27. Nxe5 {[%emt 0:01:03]} Qh1+ {[%emt 0:01:30]} 28. Ke2 {[%emt 0:00:10]} Qh4 {[%emt 0:00:30]} 29. Nf3 {[%emt 0:01:39]} Qf6 {[%emt 0:00:30]} 30. Kf1 {[%emt 0:00:14]} Qxc3 {[%emt 0:00:30]} 31. Bg5 {[%emt 0:00:36]} Ree8 {[%emt 0:00:30]} 32. Qc4 {[%emt 0:00:51]} Rxf3 {[%emt 0:00:30]} 33. Qxc3 {[%emt 0:00:27]} Rxc3 {[%emt 0:00:30]} 34. Bd7 {[%emt 0:00:26]} Rf8 {[%emt 0:00:30]} 35. b5 {[%emt 0:00:15]} Nd4 {[%emt 0:00:00]} 36. Be7 {[%emt 0:00:29]} Rg8 {[%emt 0:01:00]} 37. Rac1 {[%emt 0:00:40]} Nc2 {[%emt 0:00:30]} 38. Bf5 {[%emt 0:00:28]} Ne3+ {[%emt 0:00:30]} 39. fxe3 {[%emt 0:00:08]} Rb3 {[%emt 0:00:00]} 40. Be6 {[%emt 0:00:10]} Re8 {[%emt 0:00:00]} 41. Bxb3 {[%emt 0:00:37]} 1-0

[Event "Istanbul Open 2019"]
[Site "Istanbul"]
[Date "2019.08.29"]
[Round "5.1"]
[White "Eren, Ataberk"]
[Black "Kamer, Kayra"]
[Result "0-1"]
[WhiteElo "2254"]
[BlackElo "2306"]
[Annotator "NA"]
[PlyCount "82"]
[EventDate "2019.08.26"]
[EventType "swiss"]
[EventCountry "TUR"]
[SourceTitle "playchess.com"]
[Source "ChessBase"]
[SourceQuality "1"]
[TimeControl "5400+30"]

1. d4 Nf6 2. c4 g6 3. Nc3 Bg7 4. e4 d6 5. Nge2 O-O {[%emt 1:31:18] 0$} 6. Ng3 h5 7. Be2 h4 8. Nf1 h3 9. gxh3 c5 10. d5 e6 11. h4 exd5 12. exd5 Re8 13. Ng3 Nbd7 14. Bg5 Ne5 15. O-O Bh3 16. Re1 Qd7 17. Qd2 {[%emt 1:33:44] k} Nfg4 18. Nd1 f6 19. Bf4 g5 20. hxg5 fxg5 21. Bxg5 Rf8 22. f4 Nf7 23. Bxg4 Qxg4 24. Be7 Bd4+ 25. Ne3 Qxf4 26. Bxf8 Rxf8 27. Qf2 Ne5 28. Qxf4 Rxf4 29. Kh1 Nd3 30. Re2 Nf2+ 31. Rxf2 Rxf2 32. Re1 Rxb2 33. Ngf5 Be5 34. Nh6+ Kh7 35. Nhg4 Bd4 36. a4 Ra2 37. a5 Kg6 38. Rg1 Kh5 39. Rg3 Ra1+ 40. Rg1 Rxg1+ 41. Kxg1 Bxg4 0-1

[Event "Istanbul Open 2019"]
[Site "Istanbul"]
[Date "2019.08.29"]
[Round "5.2"]
[White "Arat, Ufuk Sezen"]
[Black "Yaran, Siar"]
[Result "1/2-1/2"]
[WhiteElo "2390"]
[BlackElo "2209"]
[Annotator "RC"]
[PlyCount "114"]
[EventDate "2019.08.26"]
[EventType "swiss"]
[EventCountry "TUR"]
[SourceTitle "playchess.com"]
[Source "ChessBase"]
[SourceQuality "1"]
[TimeControl "5400+30"]

1. d4 Nf6 2. c4 e6 3. Nc3 d5 4. Nf3 Be7 5. Bf4 O-O 6. e3 c5 7. dxc5 Bxc5 8. a3 Nc6 {[%emt 0:57:00] 0 Î} 9. Be2 dxc4 10. Bxc4 Qxd1+ 11. Rxd1 Rd8 12. Ke2 Bd7 13. g4 Be8 14. g5 Nd7 15. h4 Nb6 16. Ba2 Rxd1 17. Rxd1 Rd8 18. Rxd8 Nxd8 19. h5 Be7 20. h6 gxh6 21. gxh6 Bd7 22. Ne5 Be8 23. Ng4 f6 24. e4 Kf7 25. Bc7 Bd7 26. e5 f5 27. Nf6 Bxf6 28. exf6 Nc6 29. Nb5 Nc8 30. Ke3 Kxf6 31. Nd4 N8e7 32. f4 Ng8 33. Nxc6 Bxc6 34. Bd8+ Kf7 35. Bg5 Nf6 36. Kd4 Ne4 37. Bd8 Nf6 38. Ke5 Ne4 39. Kd4 Nf2 40. Bc4 Be4 41. a4 Ng4 42. Bg5 Kg6 43. Bxe6 Nxh6 44. b4 Ng4 45. b5 Nf2 46. a5 Nh3 47. Be7 Nxf4 48. Bd7 Nd5 49. Be8+ Kg7 50. Bd6 Nf6 51. Be5 Kf8 52. Bxf6 Kxe8 53. b6 a6 54. Ke3 Kf7 55. Bh4 Ke6 56. Kf4 h5 57. Be1 Bc2 1/2-1/2

[Event "Istanbul Open 2019"]
[Site "Istanbul"]
[Date "2019.08.29"]
[Round "5.3"]
[White "Darban, Morteza"]
[Black "Nuri, Murad"]
[Result "1/2-1/2"]
[WhiteElo "2280"]
[BlackElo "2291"]
[Annotator "NA"]
[PlyCount "26"]
[EventDate "2019.08.26"]
[EventType "swiss"]
[EventCountry "TUR"]
[SourceTitle "playchess.com"]
[Source "ChessBase"]
[SourceQuality "1"]
[TimeControl "5400+30"]

1. e4 e5 2. Nf3 Nf6 3. Nxe5 d6 4. Nf3 Nxe4 5. Qe2 Qe7 6. d3 Nf6 7. Bg5 {[%emt 0:53:30]} Qxe2+ {[%emt 0:55:30]} 8. Bxe2 {[%emt 0:00:30]} Be7 {[%emt 0:00:30]} 9. Nc3 {[%emt 0:00:30]} c6 {[%emt 0:00:30]} 10. O-O-O {[%emt 0:00:30]} Nbd7 {[%emt 0:00:30]} 11. h3 {[%emt 0:00:30]} O-O {[%emt 0:00:30]} 12. Ne4 {[%emt 0:01:30]} d5 {[%emt 0:00:30]} 13. Nxf6+ {[%emt 0:00:30]} Bxf6 {[%emt 0:00:30]} 1/2-1/2

[Event "Istanbul Open 2019"]
[Site "Istanbul"]
[Date "2019.08.29"]
[Round "5.4"]
[White "Shanava, Konstantine"]
[Black "Yarar, Muammer Atakan"]
[Result "*"]
[WhiteElo "2496"]
[BlackElo "1779"]
[Annotator "ChessBase"]
[PlyCount "37"]
[EventDate "2019.08.26"]
[EventType "swiss"]
[EventCountry "TUR"]
[SourceTitle "playchess.com"]
[Source "ChessBase"]
[SourceQuality "1"]
[TimeControl "5400+30"]

1. e4 c6 2. Nc3 d5 3. Nf3 Bg4 4. h3 Bxf3 5. Qxf3 e6 6. d4 dxe4 7. Qxe4 Nf6 8. Qd3 Qc7 9. Be2 Bd6 10. g3 Nbd7 11. Ne4 Nxe4 12. Qxe4 Nf6 13. Qf3 Qa5+ 14. c3 Qd5 15. O-O Qxf3 16. Bxf3 h6 {[%emt 1:36:42]} 17. Re1 {[%emt 0:25:30]} O-O-O {[%emt 0:00:00] ?d1 Rhe8} 18. Re2 {[%emt 0:03:30]} Nd5 {[%emt 0:00:00]} 19. Bd2 {[%emt 0:00:00] ?d1} *

[Event "Istanbul Open 2019"]
[Site "Istanbul"]
[Date "2019.08.29"]
[Round "5.4"]
[White "Shanava, Konstantine"]
[Black "Yarar, Muammer Atakan"]
[Result "1-0"]
[WhiteElo "2496"]
[BlackElo "1779"]
[Annotator "ChessBase"]
[PlyCount "107"]
[EventDate "2019.08.26"]
[EventType "swiss"]
[EventCountry "TUR"]
[SourceTitle "playchess.com"]
[Source "ChessBase"]
[SourceQuality "1"]
[TimeControl "5400+30"]

1. e4 c6 2. Nc3 d5 3. Nf3 Bg4 4. h3 Bxf3 5. Qxf3 e6 6. d4 dxe4 7. Qxe4 Nf6 8. Qd3 Qc7 9. Be2 Bd6 10. g3 Nbd7 11. Ne4 Nxe4 12. Qxe4 Nf6 13. Qf3 Qa5+ 14. c3 Qd5 15. O-O Qxf3 16. Bxf3 h6 {[%emt 1:36:42]} 17. Re1 {[%emt 0:25:30]} O-O-O {[%emt 0:00:00] %} 18. Re2 Rhe8 19. Be3 Nd5 20. Bd2 Re7 21. Rae1 Rde8 22. c4 Nf6 23. Bc3 Kd7 24. b3 Bc7 25. a3 Bd6 26. a4 a6 27. Kf1 Bc7 28. a5 Bd6 29. b4 Kc8 30. Bg2 Kd7 31. h4 Kc8 32. Bf3 Kd7 33. h5 Kc8 34. Re3 Kd7 35. Bd1 Rg8 36. f4 g5 37. d5 gxf4 38. dxe6+ fxe6 39. Rd3 Rxg3 40. Rxd6+ Kxd6 41. Bxf6 Rf7 42. Be5+ Ke7 43. Bc2 Rg5 44. Bg6 Rgf5 45. Bxf5 Rxf5 46. Kf2 f3 47. Re4 Rxh5 48. Kxf3 Rh3+ 49. Bg3 Rh1 50. Rg4 Kf6 51. Ke4 Rh5 52. Rg8 c5 53. Rf8+ Kg6 54. b5 1-0

[Event "Istanbul Open 2019"]
[Site "Istanbul"]
[Date "2019.08.29"]
[Round "5.5"]
[White "Ozer, Omer Faruk"]
[Black "Abishli, Oghuz"]
[Result "0-1"]
[WhiteElo "2357"]
[BlackElo "2038"]
[Annotator "RC"]
[PlyCount "54"]
[EventDate "2019.08.26"]
[EventType "swiss"]
[EventCountry "TUR"]
[SourceTitle "playchess.com"]
[Source "ChessBase"]
[SourceQuality "1"]
[TimeControl "5400+30"]

1. e4 e6 2. d4 d5 3. Nc3 Bb4 4. Nge2 Nf6 5. e5 {[%emt 1:18:36] D} Ne4 6. a3 Nxc3 7. bxc3 Be7 8. g3 b6 9. Bg2 Ba6 10. O-O h5 11. f4 g6 12. h3 Qd7 13. a4 Nc6 14. Rf3 Na5 15. Be3 Nc4 16. Bf2 Nb2 17. Qe1 Nxa4 18. Nc1 Bc4 19. Nd3 a5 20. g4 hxg4 21. hxg4 Qc6 22. f5 gxf5 23. gxf5 Bxd3 24. cxd3 Nxc3 25. Be3 Nb5 26. Qg3 O-O-O 27. Qg7 Rdg8 0-1

[Event "Istanbul Open 2019"]
[Site "Istanbul"]
[Date "2019.08.29"]
[Round "5.6"]
[White "Sar, Can"]
[Black "Ozsakallioglu, Okan"]
[Result "0-1"]
[WhiteElo "2003"]
[BlackElo "2324"]
[Annotator "NA"]
[PlyCount "80"]
[EventDate "2019.08.26"]
[EventType "swiss"]
[EventCountry "TUR"]
[SourceTitle "playchess.com"]
[Source "ChessBase"]
[SourceQuality "1"]
[TimeControl "5400+30"]

1. e4 c5 2. Nf3 e6 3. d4 cxd4 4. Nxd4 a6 5. Nc3 b5 6. a3 Bb7 7. g3 Nf6 8. Bg2 Qc7 9. O-O Nc6 10. Nb3 d6 11. f4 Be7 12. Be3 O-O 13. g4 Nd7 14. g5 Nb6 {[%clk} 15. Nd2 Rfe8 {[%emt 0:19:30] [%} 16. Qh5 {[%emt 0:25:00]} g6 {[%emt 0:00:30]} 17. Qh6 {[%emt 0:00:30]} Bf8 {[%emt 1:17:31] [} 18. Qh4 d5 19. Bxb6 Qxb6+ 20. Kh1 Ne7 21. Rf3 Qd4 22. Rd3 Qh8 23. Re1 dxe4 24. Ndxe4 Nf5 25. Qf2 Bg7 26. Nf6+ Bxf6 27. Bxb7 Rab8 28. gxf6 Rxb7 29. Ne4 h5 30. Red1 h4 31. Kg1 Qh5 32. Qf3 Qxf3 33. Rxf3 Rc7 34. c3 Rc4 35. Ng5 e5 36. Re1 e4 37. Rff1 e3 38. Nh3 Re6 39. Kg2 Rxf6 40. Nf2 Nd6 0-1

[Event "Istanbul Open 2019"]
[Site "Istanbul"]
[Date "2019.08.29"]
[Round "5.7"]
[White "Mammadov, Sadig"]
[Black "Ibik, Halit Yavuz"]
[Result "1-0"]
[WhiteElo "2243"]
[BlackElo "1990"]
[Annotator "RC"]
[PlyCount "90"]
[EventDate "2019.08.26"]
[EventType "swiss"]
[EventCountry "TUR"]
[SourceTitle "playchess.com"]
[Source "ChessBase"]
[SourceQuality "1"]
[TimeControl "5400+30"]

1. e4 c5 2. Nf3 d6 3. d4 cxd4 4. Nxd4 Nf6 5. Nc3 a6 6. Bg5 e6 7. f4 Nbd7 8. Qf3 Qc7 9. O-O-O b5 10. Bd3 Bb7 11. Rhe1 Qb6 12. Nd5 Qxd4 {[%emt 1:18:42] D} 13. Bxf6 gxf6 14. Bxb5 Qc5 15. b4 Qxb5 16. Nc7+ Ke7 17. Nxb5 axb5 18. Qd3 Ra6 19. g3 Rb6 20. Qe2 h5 21. Rd3 h4 22. Red1 hxg3 23. hxg3 Ke8 24. Ra3 Be7 25. Ra5 d5 26. exd5 Bxd5 27. Rxb5 Bf3 28. Qxf3 Rxb5 29. Qc6 Rd5 30. Rxd5 exd5 31. Qa8+ Bd8 32. Qxd5 Nb6 33. Qc6+ Ke7 34. a3 Rh3 35. a4 Nd7 36. Qe4+ Kf8 37. Qd3 Ke8 38. Qe3+ Kf8 39. Qd2 Ke8 40. Qe1+ Kf8 41. b5 f5 42. b6 Rh6 43. Qb4+ Ke8 44. b7 Bc7 45. Qb5 Kd8 1-0

[Event "Istanbul Open 2019"]
[Site "Istanbul"]
[Date "2019.08.29"]
[Round "5.9"]
[White "Aganazarov, Yagmyr"]
[Black "Mohannad, Farhan"]
[Result "0-1"]
[WhiteElo "1976"]
[BlackElo "2151"]
[Annotator "NA"]
[PlyCount "54"]
[EventDate "2019.08.26"]
[EventType "swiss"]
[EventCountry "TUR"]
[SourceTitle "playchess.com"]
[Source "ChessBase"]
[SourceQuality "1"]
[TimeControl "5400+30"]

1. e4 d5 2. exd5 Qxd5 3. Nc3 Qd6 4. d4 Nf6 5. Bd3 c6 6. Nge2 g6 7. Bf4 Qd8 8. Qd2 Nbd7 {[%emt 0:49:00]} 9. O-O-O {[%emt 1:21:03]} Nb6 {[%emt 0:00:30]} 10. Kb1 {[%emt 0:00:30]} Be6 {[%emt 0:00:30]} 11. Be5 {[%emt 0:00:30]} Bg7 {[%emt 0:00:30]} 12. Nf4 {[%emt 0:00:30]} Bc4 {[%emt 0:00:30]} 13. Bxc4 {[%emt 0:00:30]} Nxc4 {[%emt 0:00:30]} 14. Qe2 {[%emt 0:00:30]} b5 {[%emt 0:00:30]} 15. Qf3 {[%emt 0:00:30]} Rc8 {[%emt 0:00:30]} 16. h4 {[%emt 0:00:30]} h5 {[%emt 0:00:30]} 17. Rhe1 {[%emt 0:00:30]} O-O {[%emt 0:00:30]} 18. Rd3 {[%emt 0:00:30]} Qa5 {[%emt 0:00:30]} 19. Bxf6 {[%emt 0:00:30]} exf6 {[%emt 0:00:30]} 20. Red1 {[%emt 0:00:30]} Qb4 {[%emt 0:00:30]} 21. b3 {[%emt 0:00:30]} Qa3 {[%emt 0:00:30]} 22. bxc4 {[%emt 0:00:30]} bxc4 {[%emt 0:00:30]} 23. Na4 {[%emt 0:00:30]} Rb8+ {[%emt 0:00:30]} 24. Rb3 {[%emt 0:00:30]} cxb3 {[%emt 0:00:30]} 25. axb3 {[%emt 0:00:30]} Qxa4 {[%emt 0:00:30]} 26. g4 {[%emt 0:00:30]} hxg4 {[%emt 0:00:30]} 27. Qxg4 {[%emt 0:00:30]} Rxb3+ {[%emt 0:00:30]} 0-1

[Event "Istanbul Open 2019"]
[Site "Istanbul"]
[Date "2019.08.29"]
[Round "5.10"]
[White "Makaraci, Tunahan"]
[Black "Senyuz, Mustafa Zorbey"]
[Result "0-1"]
[WhiteElo "2064"]
[BlackElo "1844"]
[Annotator "NA"]
[PlyCount "68"]
[EventDate "2019.08.26"]
[EventType "swiss"]
[EventCountry "TUR"]
[SourceTitle "playchess.com"]
[Source "ChessBase"]
[SourceQuality "1"]
[TimeControl "5400+30"]

1. e4 c5 2. Nf3 d6 3. Bb5+ Nd7 4. d4 a6 5. Bxd7+ Bxd7 6. O-O cxd4 7. Qxd4 e5 8. Qd3 Be7 9. a4 h6 10. c4 Nf6 11. Nc3 O-O 12. Be3 Rc8 13. a5 Qc7 14. b3 Be6 15. h3 {[%emt 0:45:30] 1} Ne8 16. Bb6 Qd7 17. Rfd1 Qc6 18. Nd2 f5 19. exf5 Bxf5 20. Nde4 Bxe4 21. Qxe4 Qxe4 22. Nxe4 Kf7 23. Rd3 Ke6 24. Ra4 Rc6 25. Nc3 Nf6 26. Rd1 Bd8 27. Bxd8 Rxd8 28. f4 Nd7 29. Rd5 Rf8 30. fxe5 dxe5 31. Nd1 Rd6 32. Rxd6+ Kxd6 33. b4 Rc8 34. c5+ Ke6 0-1

[Event "Istanbul Open 2019"]
[Site "Istanbul"]
[Date "2019.08.29"]
[Round "5.11"]
[White "Citak, Selim"]
[Black "Grigoriev, Armen"]
[Result "1-0"]
[WhiteElo "2263"]
[BlackElo "2017"]
[Annotator "ChessBase"]
[PlyCount "67"]
[EventDate "2019.08.26"]
[EventType "swiss"]
[EventCountry "TUR"]
[SourceTitle "playchess.com"]
[Source "ChessBase"]
[SourceQuality "1"]
[TimeControl "5400+30"]

1. d4 Nf6 2. c4 e6 3. Nc3 Bb4 4. Nf3 d5 5. Bg5 h6 6. Bh4 dxc4 7. e3 b5 8. a4 c6 9. Be2 {[%emt 1:01:30] 1} Nbd7 10. O-O Qb6 11. Qc2 Bb7 12. e4 a6 13. Rfd1 O-O 14. Ne5 Rfc8 15. Nxf7 Kxf7 16. e5 g5 17. exf6 Nxf6 18. Bg3 Bxc3 19. bxc3 Rh8 20. Be5 Rag8 21. Qb2 Rd8 22. Bxc4 Rd7 23. Re1 Re8 24. Be2 Rf8 25. c4 Qd8 26. axb5 cxb5 27. cxb5 axb5 28. Bxb5 Re7 29. Be2 Bd5 30. Qd2 Kg8 31. Bd3 Kf7 32. h3 Nd7 33. Bg3 Nf6 34. Qe2 1-0

[Event "Istanbul Open 2019"]
[Site "Istanbul"]
[Date "2019.08.29"]
[Round "5.12"]
[White "Aliakbarov, Anar"]
[Black "Emir, Emirhan"]
[Result "1/2-1/2"]
[WhiteElo "2265"]
[BlackElo "1952"]
[Annotator "RC"]
[PlyCount "41"]
[EventDate "2019.08.26"]
[EventType "swiss"]
[EventCountry "TUR"]
[SourceTitle "playchess.com"]
[Source "ChessBase"]
[SourceQuality "1"]
[TimeControl "5400+30"]

1. d4 e6 2. c4 f5 3. g3 Nf6 4. Bg2 d5 5. Nh3 c6 6. Qc2 Bd6 7. Nd2 O-O 8. O-O Qe8 9. Nf3 h6 {[%emt 1:08:30] 1} 10. Nf4 Nbd7 11. Nd3 Qh5 12. c5 Be7 13. b3 g5 14. Rb1 Qg6 15. b4 Re8 16. Nfe5 Qg7 17. a4 a6 18. b5 axb5 19. axb5 Nxe5 20. Nxe5 cxb5 21. Rxb5 1/2-1/2

[Event "Istanbul Open 2019"]
[Site "Istanbul"]
[Date "2019.08.29"]
[Round "5.13"]
[White "Bayramov, Elvin"]
[Black "Aydin, Kaan Ayhan"]
[Result "1/2-1/2"]
[WhiteElo "2198"]
[BlackElo "1890"]
[Annotator "NA"]
[PlyCount "43"]
[EventDate "2019.08.26"]
[EventType "swiss"]
[EventCountry "TUR"]
[SourceTitle "playchess.com"]
[Source "ChessBase"]
[SourceQuality "1"]
[TimeControl "5400+30"]

1. e4 e5 2. Nc3 Nf6 3. f4 d5 4. fxe5 Nxe4 5. Qf3 Nc6 6. Bb5 Nxc3 7. bxc3 Qh4+ 8. g3 Qe4+ 9. Qxe4 dxe4 10. Ne2 Bd7 11. Bxc6 Bxc6 12. Rf1 {[%emt 1:02:00] :} Bc5 13. d4 exd3 14. cxd3 O-O 15. d4 Be7 16. a4 Bd5 17. Rf2 Bc4 18. Nf4 f6 19. exf6 Bxf6 20. Rb1 c5 21. Be3 b6 22. Nh5 1/2-1/2

[Event "Istanbul Open 2019"]
[Site "Istanbul"]
[Date "2019.08.29"]
[Round "5.14"]
[White "Rahimli, Ilkin"]
[Black "Yarashov, Azat"]
[Result "0-1"]
[WhiteElo "1992"]
[BlackElo "2156"]
[Annotator "ChessBase"]
[PlyCount "31"]
[EventDate "2019.08.26"]
[EventType "swiss"]
[EventCountry "TUR"]
[SourceTitle "playchess.com"]
[Source "ChessBase"]
[SourceQuality "1"]
[TimeControl "5400+30"]

1. e4 c5 2. f4 {[%emt 1:11:52]} d5 3. exd5 Nf6 4. Bb5+ Bd7 5. Bxd7+ Qxd7 6. c4 e6 7. Qe2 Bd6 8. f5 O-O 9. fxe6 fxe6 10. dxe6 Qe7 11. Nf3 Nc6 12. d3 Ng4 13. h3 Nge5 14. Nc3 Qxe6 15. Qe4 Nxf3+ 16. gxf3 0-1

[Event "Istanbul Open 2019"]
[Site "Istanbul"]
[Date "2019.08.29"]
[Round "5.15"]
[White "Ahmadov, Vusal"]
[Black "Menekse, Tuncay"]
[Result "1-0"]
[WhiteElo "1775"]
[BlackElo "1684"]
[Annotator "NA"]
[PlyCount "113"]
[EventDate "2019.08.26"]
[EventType "swiss"]
[EventCountry "TUR"]
[SourceTitle "playchess.com"]
[Source "ChessBase"]
[SourceQuality "1"]
[TimeControl "5400+30"]

1. e4 d5 2. exd5 Qxd5 3. Nc3 Qa5 4. d4 c6 5. Bc4 Nf6 6. Nge2 Bf5 7. O-O e6 8. Ng3 Bg6 9. Qe2 Be7 {[%emt 0:57:30] 8} 10. f4 Bf5 11. Qe5 Qxe5 12. fxe5 Nd5 13. Bxd5 cxd5 14. Nxf5 exf5 15. Nxd5 Na6 16. Nxe7 Kxe7 17. Rxf5 Ke6 18. Rf2 Rad8 19. c3 Rd7 20. Be3 b5 21. a4 b4 22. c4 Nc7 23. b3 Rhd8 24. Re1 Rxd4 25. Bxd4 Rxd4 26. Ref1 Rd7 27. Rf4 a5 28. Rg4 Ne8 29. Kf2 h5 30. Re4 Rd2+ 31. Re2 Rd3 32. Re3 Rd2+ 33. Kf3 Nc7 34. Rf2 Rd4 35. Ke2 Na6 36. Rd3 Re4+ 37. Kf3 Nc5 38. Rd5 Rxe5 39. Rxe5+ Kxe5 40. Rd2 Nxb3 41. Rd5+ Ke6 42. Ke3 f5 43. Kd3 Nc1+ 44. Kd2 Na2 45. Kc2 Nc3 46. Rxa5 Ne2 47. Kb3 h4 48. Rd5 h3 49. g3 Nc3 50. Rd4 Ne4 51. Kxb4 g5 52. a5 Nd6 53. a6 Nc8 54. Rd5 g4 55. Rd8 Ne7 56. Kc5 f4 57. gxf4 1-0